banner-ar

عمران القاهرة و خططها فى عهد صلاح الدين الايوبى 564-589 هـ \ 1168- 1119 م / (Record no. 3157)

MARC details
000 -الفاتح
حقل البيانات ثابتة الطول 00773nam a2200205Ia 4500
005 - وقت وتاريخ اخر تعامل مع التسجيلة
رقم الضبط 20240530095014.0
008 - عناصر البيانات ثابتة الطول - معلومات عامة
حقل البيانات ثابتة الطول 140319s9999 xx 000 0 ara d
020 ## - الرقم الدولى المعيارى للكتب
الرقم الدولى المعيارى للكتاب 6032314977
040 ## - مصدر الفهرسة
وكالة الفهرسة الأصلية GCL /
وكالة النسخ GCL
082 04 - رقم تصنيف ديوى العشرى
رقم التصنيف 962.16
رقم المادة ق/ع ع
100 1# - المدخل الرئيسى - إسم شخصى
الإسم الشخصى عدنان محمد فايز الحارثى
245 10 - بيان العنوان
العنوان عمران القاهرة و خططها فى عهد صلاح الدين الايوبى 564-589 هـ \ 1168- 1119 م /
بيان المسئوليه,etc عدنان محمد فايز الحارثى
260 ## - PUBLICATION, DISTRIBUTION, ETC. (IMPRINT)
تاريخ النشر أو التوزيع 1999
300 ## - الوصف المادى
التعداد 447 ص ؛
أبعاد الوعاء 22 سم
650 04 - المدخل الاضافى بالموضوع-مصطلح موضوعى
مصطلح موضوعي القاهرة - تاريخ
650 04 - المدخل الاضافى بالموضوع-مصطلح موضوعى
مصطلح موضوعي القاهرة - احياء وضواحى
650 04 - المدخل الاضافى بالموضوع-مصطلح موضوعى
مصطلح موضوعي تخطيط المدن - القاهرة
942 ## - عناصر المدخل الإضافي( كوها)
مصدر التصنيف او مخطط الترفيف Dewey Decimal Classification
Koha [default] item type كتاب
260 ## - PUBLICATION, DISTRIBUTION, ETC. (IMPRINT)
-- القاهرة :
-- مكتبة زهراء الشرق ،
Holdings
حالة التراجع حالة الفقد حالة تلف ليس للاعارة المكان المؤقت الموقع الحالى تاريخ الاكتساب اجمالي اﻻعارات رقم الطلب الباركود تاريخ اخر مشاهدة تاريخ تفعيل السعر نوع وعاء كوها
        مكتبة القاهرة الكبرى مكتبة القاهرة الكبرى 03/26/2014   962.16 ق/ع ع 6949 03/26/2014 03/26/2014 كتاب

Powered By

EGPV